000 00247nam a22001097a 4500
008 170112b xxu||||| |||| 00| 0 eng d
020 _a9780826157560
041 _aeng
080 _a618.2
245 _aTHE RURAL NURSE
_cMOLINARI, D
942 _2udc
_cBK
999 _c2831
_d2831